Văn Hóa Mưu Sinh Của Các Dân Tộc Thiểu Số Vùng Đông Bắc Việt Nam
Quyển sách là một trong những ấn phẩm của dự án viết về Văn hóa dân gian Việt Nam, đề cập đến các vấn đề về tập quấn mưu sinh của các dân tộc vùng Đông Bắc Việt Nam.
Сохранить в:
| Главный автор: | |
|---|---|
| Формат: | |
| Язык: | Undetermined |
| Опубликовано: |
Hà Nội
Thời Đại
2011
|
| Предметы: | |
| Метки: |
Добавить метку
Нет меток, Требуется 1-ая метка записи!
|
| Thư viện lưu trữ: | Trung tâm Học liệu Trường Đại học Cần Thơ |
|---|
| LEADER | 00927nam a2200205Ia 4500 | ||
|---|---|---|---|
| 001 | CTU_173565 | ||
| 008 | 210402s9999 xx 000 0 und d | ||
| 082 | |a 305.8959 | ||
| 082 | |b B312 | ||
| 100 | |a Trần, Bình | ||
| 245 | 0 | |a Văn Hóa Mưu Sinh Của Các Dân Tộc Thiểu Số Vùng Đông Bắc Việt Nam | |
| 245 | 0 | |c Trần Bình | |
| 260 | |a Hà Nội | ||
| 260 | |b Thời Đại | ||
| 260 | |c 2011 | ||
| 520 | |a Quyển sách là một trong những ấn phẩm của dự án viết về Văn hóa dân gian Việt Nam, đề cập đến các vấn đề về tập quấn mưu sinh của các dân tộc vùng Đông Bắc Việt Nam. | ||
| 650 | |a Culture,Dân tộc thiểu số,Minorities | ||
| 650 | |z Vietnam,Việt Nam,Vietnam | ||
| 904 | |i Tuyến | ||
| 980 | |a Trung tâm Học liệu Trường Đại học Cần Thơ | ||